| 000 | 00668nam a22002057a 4500 | ||
|---|---|---|---|
| 005 | 20251108172628.0 | ||
| 008 | 250721s1997 xx 000 0 ara d | ||
| 082 | 1 | 4 | _a904.7/وبس |
| 100 | 1 | _aوبستر، هاري | |
| 245 | 1 | 0 | _aالكوارث العالميه / |
| 264 | 1 |
_aبيروت : _bمؤسسه الأنتشار العربي، _c1997. |
|
| 300 | _a188 ص. | ||
| 490 | 0 | _aسلسله أخبار غريبه و اسرار عجيبه | |
| 650 | 1 | 7 | _aالكوارث من عمل الإنسان |
| 650 | 1 | 7 | _aالكوارث الطبيعية |
| 650 | 1 | 7 | _aالحوادث |
| 650 | 1 | 7 | _aالوقاية من الكوارث |
| 942 |
_2ddc _cBK |
||
| 999 |
_c84466 _d84466 |
||